000 00336nam a22001457a 4500
008 230516b ||||| |||| 00| 0 eng d
020 _a9781260199772
041 _aeng
080 _2FOURTH EDITION
_a616.12
082 _a616.12BOO
100 _a11
101 _aKARDIO
245 _aELECTROCARDIOGRAPHY
_cBOOTH.A.K
942 _2udc
_cBK
999 _c59738
_d59738